00779nam a22001937a 4500003000900000008004100009040007100050082002000121100003100141245004600172260006200218300002800280440002500308505019600333650001700529650001300546650001000559650001600569AR-CdUCM190225b ||||| |||| 00| 0 spa d aMUNICIPALIDAD PROVINCIAL DEL CUSCOcBIBLIOTECA MUNICIPAL DEL CUSCO a985.019 / bP78 aPorras Barrenechea, Raúl aMito, tradición e historia del Perú / aLima :bUniversidad Nacional Mayor de San Marcos ;c1951. a153 páginas ;c17 cm. aBiblioteca peruana ; aContenido: La universidad y la cultura peruana -- Mito y época incaicos -- Los cronistas -- La historia en el siglo XVII y XVIII --La historia en el siglo XIX -- La historia en el siglo XX  aTradición  aHistoria aInkas aCrónicas